| 000 | 00711nam a2200253Ia 4500 | ||
|---|---|---|---|
| 003 | OSt | ||
| 005 | 20220925221220.0 | ||
| 006 | a|||||r|||| 00| 0 | ||
| 007 | ta | ||
| 008 | 220923b |||||||| |||| 00| 0 eng d | ||
| 020 | _a333147685 | ||
| 037 | _cGeneral Book | ||
| 040 |
_aRTL _cRTL _beng |
||
| 041 |
_2eng _aeng |
||
| 082 | _aX9:75(W).3.N7, L5 | ||
| 100 |
_aHague D C _9284278 |
||
| 245 | 0 |
_aPublic policy and private intersts _b The institutio |
|
| 260 |
_aLondon _bMacmillan UK _c1975 |
||
| 300 |
_aviii, 433p _ccm. |
||
| 500 | _aAppendix: P 380-423 | ||
| 650 | _aIndustrial Economay | ||
| 942 |
_hX9:75(W).3.N7, L5 _cGB _2CC |
||
| 999 |
_c573606 _d573606 |
||